Institutiones Theologiae Dogmatico-Scholasticae

Shranjeno v:
Bibliografske podrobnosti
Glavni avtor: Mendive, José Mendive, Josepho (autor)
Format: Knjiga
Jezik:latinščina
Izdano: Valladolid Josephum Emmanuelum A Cuesta 1895
Izdaja:1a. ed
Teme:
Oznake: Označite
Brez oznak, prvi označite!

MARC

LEADER 00000cam a2200000 a 4500
001 UCD2439
003 CL-VaPUC
008 160428e18950000sp |||||||||||||||||lat|d
082 0 4 |a 231  |b MEN  |2 21 
100 |a Mendive, José  |e autor  |q Mendive, Josepho  |9 477857 
245 1 0 |a Institutiones Theologiae Dogmatico-Scholasticae 
250 |a 1a. ed 
300 |a v 
942 |c BK 
945 |d 20160428 21:50:00  |a dcastane 
260 |a Valladolid  |b Josephum Emmanuelum A Cuesta  |c 1895 
500 |a v.1: de principiis theologicis 
500 |a v.2: de Deo uno et trino 
500 |a v.3: de Deo creatore et gubernatore 
500 |a v.4: de Deo santificatore 
500 |a v.5: de Deo redemptore et consumatore 
650 0 |a Teología dogmática   |9 313198 
650 0 |a Escolasticismo  |9 264998 
583 |a last modification  |c 20160428 21:50:00  |k Rodrigo Vera 
999 |c 363601  |d 363599 
952 |0 0  |1 0  |3 erd  |4 0  |6 231_000000000000000_MEN_1895  |7 0  |8 X  |9 476122  |a BIBTEO  |b BIBTEO  |c TEO_FFR  |h v.1  |i 5227712  |o 231 MEN 1895  |p 5227712  |r 2024-01-18  |w 2019-11-24  |y BK_X  |z Catalogado en:20160428  |k OFM 
952 |0 0  |1 0  |3 erd  |4 0  |6 231_000000000000000_MEN_1895  |7 0  |8 X  |9 476123  |a BIBTEO  |b BIBTEO  |c TEO_FFR  |h v.2  |i 5227720  |o 231 MEN 1895  |p 5227720  |r 2024-01-18  |w 2019-11-24  |y BK_X  |z Catalogado en:20160428  |k OFM 
952 |0 0  |1 0  |3 erd  |4 0  |6 231_000000000000000_MEN_1895  |7 0  |8 X  |9 476124  |a BIBTEO  |b BIBTEO  |c TEO_FFR  |h v.3  |i 5227739  |o 231 MEN 1895  |p 5227739  |r 2024-01-18  |w 2019-11-24  |y BK_X  |z Catalogado en:20160428  |k OFM 
952 |0 0  |1 0  |3 erd  |4 0  |6 231_000000000000000_MEN_1895  |7 0  |8 X  |9 476125  |a BIBTEO  |b BIBTEO  |c TEO_FFR  |h v.4  |i 5227747  |o 231 MEN 1895  |p 5227747  |r 2024-01-18  |w 2019-11-24  |y BK_X  |z Catalogado en:20160428  |k OFM 
952 |0 0  |1 0  |3 erd  |4 0  |6 231_000000000000000_MEN_1895  |7 0  |8 X  |9 476126  |a BIBTEO  |b BIBTEO  |c TEO_FFR  |h v.5  |i 5227755  |o 231 MEN 1895  |p 5227755  |r 2024-01-18  |w 2019-11-24  |y BK_X  |z Catalogado en:20160428  |k OFM